[Event "NNM i Tromso 2017"]
[Site "Veitasenteret"]
[Date "2017.06.04"]
[Round "4"]
[White "Schjelderup, Nils-Jakob"]
[Black "Norvoll, Pål"]
[Result "0-1"]
[WhiteElo "1831"]
[BlackElo "1638"]
[PlyCount "106"]
[EventDate "2017.??.??"]
[Source "ChessBase"]
[SourceDate "2009.11.30"]

1. e4 c5 2. Nf3 d6 3. d4 cxd4 4. Nxd4 Nf6 5. Nc3 a6 6. f3 e5 7. Nb3 Be7 8. Be3
Be6 9. Qd2 O-O 10. O-O-O Qc7 11. g4 Rd8 12. Qf2 Nbd7 13. h4 b5 14. h5 b4 15.
Nd5 Bxd5 16. exd5 a5 17. Kb1 a4 18. Nc1 a3 19. g5 axb2 20. Nb3 Ne8 21. g6 Bf6
22. h6 fxg6 23. Qh2 Nc5 24. hxg7 Qxg7 25. Nxc5 dxc5 26. Bh3 Qa7 27. Be6+ Kh8
28. Qxh7+ Qxh7 29. Rxh7+ Kxh7 30. Rh1+ Bh4 31. Rxh4+ Kg7 32. Bxc5 Rab8 33. Bxb4
Nc7 34. Kxb2 Nxd5 35. a3 Kf6 36. Bh3 Nf4 37. Bf1 Rd2 38. Kb3 Rf2 39. Bc4 Rxf3+
40. c3 g5 41. Rh7 g4 42. Rf7+ Kg6 43. Re7 Kf5 44. Ka4 g3 45. Rg7 Rb6 46. Bc5
Rg6 47. Rxg6 Kxg6 48. Kb4 e4 49. a4 e3 50. a5 g2 51. a6 g1=Q 52. a7 Qa1 53. Kb5
e2 
0-1

[Event "NNM i Tromso 2017"]
[Site "Veitasenteret"]
[Date "2017.06.04"]
[Round "5"]
[White "Merzliakov, Vladimir"]
[Black "Mikalsen, Bengt Arne"]
[Result "0-1"]
[WhiteElo "1489"]
[BlackElo "1727"]
[PlyCount "78"]
[EventDate "2017.??.??"]
[Source "ChessBase"]
[SourceDate "2009.11.30"]

1. d4 d5 2. c4 c6 3. Nc3 Nf6 4. cxd5 cxd5 5. e3 e6 6. Bd3 Bd7 7. Nf3 Nc6 8. O-O
Bd6 9. Bd2 Rc8 10. Rc1 O-O 11. a3 Re8 12. Bb1 e5 13. dxe5 Nxe5 14. Nxe5 Bxe5
15. Qb3 d4 16. Nd5 Nxd5 17. Qxd5 Bc6 18. Qxd8 Rcxd8 19. exd4 Bxd4 20. Bc3 Bxc3
21. Rxc3 Re2 22. b4 Rb2 23. Re1 g6 24. h3 Rdd2 25. Be4 Bxe4 26. Rxe4 Rxf2 27.
Rg3 Kf8 28. Rc4 Rfc2 29. Rcc3 b6 30. Rxc2 Rxc2 31. Re3 h5 32. h4 Rc4 33. g3 Rc2
34. Kf1 Ra2 35. b5 Kg7 36. Rf3 Rb2 37. a4 Rb4 38. Ra3 f5 39. Kf2 Kf6 
0-1

[Event "NNM i Tromso 2017"]
[Site "Veitasenteret"]
[Date "2017.06.04"]
[Round "5"]
[White "Greibrokk, Maria"]
[Black "Engegård, Ødøn Toth"]
[Result "0-1"]
[WhiteElo "1623"]
[BlackElo "1926"]
[Annotator "RV-H"]
[PlyCount "90"]
[EventDate "2017.??.??"]
[Source "ChessBase"]
[SourceDate "2009.11.30"]

1. e4 c5 2. Nf3 Nc6 3. d4 cxd4 4. Nxd4 Nf6 5. Nc3 e5 6. Nb3 Bb4 7. Bg5 h6 8.
Bxf6 Qxf6 9. Qd3 Qg6 10. Nd2 O-O 11. O-O-O Bxc3 12. Qxc3 d6 13. f3 Be6 14. Nc4
Bxc4 15. Qxc4 Rfc8 16. Bd3 b5 17. Qxb5 Rab8 18. Qa4 Nb4 19. Kb1 Qxg2 20. Rdg1
Qf2 21. Rf1 Qb6 22. Qa3 Rc5 23. Qb3 Qc7 24. c4 Nxd3 25. Qxd3 Rxc4 26. Rc1 Qb6
27. b3 Rd4 28. Qc3 Qa6 29. Rhd1 Rxd1 30. Rxd1 Rc8 {Dette trekket står
oppført som Taco. "Jatakk."} 31. Qd3 Qc6 32. Kb2 g5 33. h3 Kh7 34. a3 Qc5 35.
b4 Qf2+ 36. Rd2 Qg1 37. Rd1 Qg2+ 38. Rd2 Qh1 39. Rd1 Qxh3 40. Qxd6 Qxf3 41. Rd3
Qe2+ 42. Rd2 Qxe4 43. Qd7 Qc4 44. Qf5+ Kg8 45. Qxe5 Qc1+ 
0-1

[Event "NNM i Tromso 2017"]
[Site "Veitasenteret"]
[Date "2017.06.04"]
[Round "5"]
[White "Vestjord, Harald Christian"]
[Black "Valvåg, Torbjørn"]
[Result "1-0"]
[WhiteElo "1760"]
[BlackElo "1524"]
[PlyCount "39"]
[EventDate "2017.??.??"]
[Source "ChessBase"]
[SourceDate "2009.11.30"]

1. d4 Nf6 2. c4 e6 3. Nc3 Bb4 4. Qc2 d5 5. cxd5 Qxd5 6. Nf3 O-O 7. Bd2 Bxc3 8.
bxc3 b5 9. Bf4 c6 10. e3 Na6 11. Bd3 b4 12. c4 Qa5 13. O-O Bb7 14. c5 Nd5 15.
Bd6 Rfd8 16. Bxh7+ Kh8 17. Qe4 f5 18. Qh4 Nf6 19. Bxf5+ Kg8 20. Bxe6# 
1-0

[Event "NNM i Tromso 2017"]
[Site "Veitasenteret"]
[Date "2017.06.04"]
[Round "5"]
[White "Pettersen, Johan"]
[Black "Vik-Hansen, Rune"]
[Result "0-1"]
[WhiteElo "1934"]
[BlackElo "1882"]
[PlyCount "112"]
[EventDate "2017.??.??"]
[Source "ChessBase"]
[SourceDate "2009.11.30"]

1. d4 Nf6 2. c4 g6 3. Nc3 Bg7 4. e4 d6 5. f4 O-O 6. Nf3 c5 7. d5 e6 8. Be2 exd5
9. cxd5 Re8 10. Qc2 Bg4 11. O-O a6 12. a4 Nbd7 13. a5 Qc7 14. Nd2 Bxe2 15. Nxe2
Nxd5 16. Qb3 Nb4 17. f5 Nf6 18. fxg6 hxg6 19. Nf4 Ng4 20. Nf3 Nc6 21. Nd5 Qd8
22. Bg5 Nd4 23. Nxd4 Bxd4+ 24. Be3 Qh4 25. h3 Nxe3 26. Nxe3 Bxe3+ 27. Qxe3 Qxe4
28. Qc3 Qe3+ 29. Rf2 Qxc3 30. bxc3 Rad8 31. Rb1 Rd7 32. Rfb2 Ree7 33. c4 Kf8
34. Kf2 Ke8 35. h4 Kd8 36. g4 Kc8 37. h5 g5 38. Rd2 Re4 39. Rh1 Kc7 40. h6 Rd8
41. Kf3 Rxc4 42. Rd5 Rf4+ 43. Kg3 f6 44. Rf5 Rxf5 45. gxf5 Kd7 46. Rb1 Rh8 47.
Rxb7+ Kc6 48. Rb6+ Kd5 49. Rxa6 Rxh6 50. Ra7 Rh1 51. Re7 c4 52. a6 Ra1 53. a7
c3 54. Rc7 Kd4 55. Kf2 Ra2+ 56. Ke1 Kd3 
0-1

[Event "NNM i Tromso 2017"]
[Site "Veitasenteret"]
[Date "2017.06.04"]
[Round "5"]
[White "Lund, Gunnar"]
[Black "Schouten, Mathias Lind"]
[Result "0-1"]
[WhiteElo "1914"]
[BlackElo "1698"]
[Annotator "Rune"]
[PlyCount "124"]
[EventDate "2017.??.??"]
[Source "ChessBase"]
[SourceDate "2009.11.30"]

1. Nf3 Nf6 2. g3 g6 3. Bg2 Bg7 4. d4 O-O 5. c4 d6 6. O-O c5 7. Nc3 Nc6 8. d5
Nb8 9. e4 Ng4 10. h3 Ne5 11. Nxe5 Bxe5 12. Kh2 Nd7 13. Qc2 a6 14. a4 h5 15. Ne2
h4 16. Bd2 Rb8 17. Bc3 hxg3+ 18. Nxg3 Bxc3 19. bxc3 b5 20. axb5 axb5 21. cxb5
Rxb5 22. Rfb1 Qb6 23. Rxb5 Qxb5 24. Bf1 Qb6 25. f4 Bb7 26. Rb1 Qa7 27. h4 Nf6
28. Be2 Kg7 29. c4 Rh8 30. e5 Rxh4+ 31. Kg2 Bxd5+ 32. cxd5 Nxd5 33. Qb2 Nxf4+
34. Kf1 Nxe2 35. Nxe2 Rh1+ 36. Ng1 Qa6+ 37. Qb5 Qxb5+ 38. Rxb5 dxe5 39. Rxc5
Kf6 40. Kf2 Rh5 41. Ne2 e4 42. Rc4 Rh4 43. Ke3 Rh3+ 44. Kxe4 Rh4+ 45. Kd3 Rxc4
46. Kxc4 Ke5 47. Kd3 g5 48. Ke3 f5 49. Kf3 g4+ 50. Ke3 Kf6 51. Nf4 e5 52. Nd5+
Kg5 53. Ne7 f4+ 54. Ke4 g3 55. Kf3 e4+ 56. Kg2 Kg4 57. Nd5 f3+ 58. Kg1 g2 59.
Kf2 Kh3 60. Nf4+ Kh2 61. Nh3 Kxh3 62. Kg1 f2+ 
0-1

[Event "NNM i Tromso 2017"]
[Site "Veitasenteret"]
[Date "2017.06.04"]
[Round "5"]
[White "Schjelderup, Nils-Jakob"]
[Black "Halvorsen, Benjamin"]
[Result "1/2-1/2"]
[WhiteElo "1831"]
[BlackElo "1694"]
[PlyCount "77"]
[EventDate "2017.??.??"]
[Source "ChessBase"]
[SourceDate "2009.11.30"]

1. e4 d5 2. exd5 Qxd5 3. Nc3 Qa5 4. d4 Nf6 5. Bc4 c6 6. Bd2 Bg4 7. f3 Bh5 8.
Nd5 Qd8 9. Nxf6+ gxf6 10. c3 e6 11. Ne2 Bd6 12. Nf4 Bg6 13. h4 Qc7 14. h5 Bxf4
15. hxg6 Bxd2+ 16. Qxd2 Qg3+ 17. Qf2 Qxg6 18. O-O-O Nd7 19. Bd3 f5 20. Kb1 Qf6
21. c4 Nb6 22. b3 Rd8 23. Bc2 a5 24. Qe3 a4 25. Rh6 f4 26. Rxf6 fxe3 27. Rh6
Ke7 28. Rhh1 Rhg8 29. g4 e2 30. Rd2 axb3 31. axb3 Kf6 32. Kc1 Rg5 33. Re1 h5
34. gxh5 Rxh5 35. Rexe2 Rh1+ 36. Kb2 Rf1 37. Re3 Kg5 38. Bd1 Kf6 39. Red3
1/2-1/2

[Event "NNM i Tromso 2017"]
[Site "Veitasenteret"]
[Date "2017.06.05"]
[Round "6"]
[White "Mikalsen, Bengt Arne"]
[Black "Lund, Gunnar"]
[Result "0-1"]
[WhiteElo "1727"]
[BlackElo "1914"]
[PlyCount "66"]
[EventDate "2017.??.??"]
[Source "ChessBase"]
[SourceDate "2009.11.30"]

1. e4 e5 2. Nf3 Nc6 3. Bc4 Nf6 4. d3 Be7 5. O-O O-O 6. Nc3 d6 7. h3 Na5 8. Bb3
Nxb3 9. axb3 c5 10. Nd2 d5 11. exd5 Nxd5 12. Qf3 Be6 13. Nc4 Nxc3 14. bxc3 Bd5
15. Qg3 f6 16. Ne3 Be6 17. c4 Qd4 18. Bd2 f5 19. Nd5 Bxd5 20. cxd5 Qxd5 21. Bc3
Bf6 22. Ra4 b6 23. Re1 Rfe8 24. Ra6 Re7 25. Rea1 g6 26. Qe3 Qb7 27. f3 Bg7 28.
g4 Qc7 29. Re1 e4 30. Bxg7 Qg3+ 31. Kh1 Qxh3+ 32. Kg1 exf3 33. Qxe7 Qg2# 
0-1

[Event "NNM i Tromso 2017"]
[Site "Veitasenteret"]
[Date "2017.06.05"]
[Round "6"]
[White "Johansen, Gøran"]
[Black "Greibrokk, Maria"]
[Result "0-1"]
[WhiteElo "1669"]
[BlackElo "1623"]
[Annotator "RV-H"]
[PlyCount "90"]
[EventDate "2017.??.??"]
[Source "ChessBase"]
[SourceDate "2009.11.30"]

1. e4 c5 2. d4 cxd4 3. c3 e6 4. cxd4 Be7 5. Nf3 Nf6 6. Nc3 O-O 7. e5 Ne8 8. Bc4
d6 9. O-O dxe5 10. dxe5 Nc7 11. Qe2 Bd7 12. Rd1 Qc8 13. Bg5 Bxg5 14. Nxg5 Bc6
15. Qd3 g6 16. Qh3 h5 17. g4 Kg7 18. Nce4 Bxe4 19. Nxe4 Nd7 20. Nd6 hxg4 21.
Qxg4 Qb8 22. f4 b5 23. Bd3 Qb6+ 24. Kh1 Nd5 25. Nxf7 Rxf7 26. Qxg6+ Kf8 27. Rg1
Ne7 28. Qh6+ Ke8 29. Rac1 a6 30. Be4 Rb8 31. Rgd1 Nf8 32. Rf1 Nf5 33. Bxf5 Rxf5
34. Rc3 Rd8 35. Qh4 Qd4 36. Qg3 Rf7 37. Qf3 Qd5 38. Qxd5 Rxd5 39. b4 Rd4 40. a3
Kd7 41. Rcf3 {Ingen av noteringsskjemaene presiserer hvilket tårn som går
til f3, men partifortsettelsen antyder teksttrekket (se hvits 44 trekk).} Ng6
42. f5 Rxf5 43. Rxf5 exf5 44. Rxf5 Rd1+ 45. Kg2 Nh4+ {(Ene noteringsskjema
går til 44 trekk, det andre 45.)} 
0-1

[Event "NNM i Tromso 2017"]
[Site "Veitasenteret"]
[Date "2017.06.05"]
[Round "6"]
[White "Schmidt, Kristian H"]
[Black "Engegård, Ødøn Toth"]
[Result "0-1"]
[WhiteElo "1530"]
[BlackElo "1926"]
[PlyCount "70"]
[EventDate "2017.??.??"]
[Source "ChessBase"]
[SourceDate "2009.11.30"]

1. b4 e5 2. Bb2 Bxb4 3. Bxe5 Nf6 4. a3 Ba5 5. c4 O-O 6. e3 Re8 7. Nf3 d5 8.
cxd5 Nxd5 9. Be2 c5 10. Qc2 Nc6 11. Bb2 Qd6 12. Ng5 Qh6 13. h4 Be6 14. Bd3 Bd8
15. Nxe6 Rxe6 16. Bf5 Rd6 17. Nc3 Nxc3 18. Bxc3 Bf6 19. Qe4 Bxc3 20. dxc3 Rad8
21. O-O Qf6 22. Rac1 g6 23. Bg4 Qxh4 24. Qf3 Ne5 25. Qh3 Qxg4 26. Qxg4 Nxg4 27.
Rb1 b6 28. a4 Rd3 29. c4 Ra3 30. Ra1 Rxa1 31. Rxa1 Rd2 32. a5 Rxf2 33. axb6
axb6 34. Rb1 Rc2 35. Rxb6 Rc1# 
0-1

[Event "NNM i Tromso 2017"]
[Site "Veitasenteret"]
[Date "2017.06.05"]
[Round "6"]
[White "Holand, Per Fredrik"]
[Black "Norvoll, Pål"]
[Result "1-0"]
[WhiteElo "1726"]
[BlackElo "1638"]
[Annotator "RV-H"]
[PlyCount "125"]
[EventDate "2017.??.??"]
[Source "ChessBase"]
[SourceDate "2009.11.30"]

1. e4 c5 2. Nf3 d6 3. d4 cxd4 4. Nxd4 Nf6 5. Nc3 a6 6. Be3 e5 7. Nb3 Be6 8. f4
Ng4 9. Bd2 exf4 10. Bxf4 Nc6 11. Qe2 Nge5 12. O-O-O Bg4 13. Qf2 Bxd1 14. Nxd1
Be7 15. Ne3 Ng6 16. Bg3 Bg5 17. Bc4 O-O 18. Kb1 Bxe3 19. Qxe3 b5 20. Bd5 Rc8
21. h4 Qc7 22. c3 Nge5 23. h5 Ng4 24. Qg5 Nh6 25. Bf4 Qd8 26. Qg3 Kh8 27. Bxd6
Re8 28. Nd4 Nxd4 29. cxd4 f6 30. Rf1 Qd7 31. e5 fxe5 32. dxe5 Red8 33. e6 Qxd6
34. Qxd6 Rxd6 35. e7 Rf6 36. Rxf6 gxf6 37. Bc6 Kg7 38. e8=Q Rxe8 39. Bxe8 f5
40. Kc2 Ng4 41. Bc6 Nf6 42. b4 Nxh5 43. Bb7 Nf4 44. Bxa6 Nxg2 45. Bxb5 Ne3+ 46.
Kb3 Kf6 47. Bc6 Ke5 48. a4 Nd5 49. a5 f4 50. a6 Nb6 51. a7 Kd6 52. a8=Q Nxa8
53. Bxa8 h5 54. Kc4 h4 55. Bg2 Kc7 56. Kc5 h3 57. Bxh3 f3 58. b5 Kb7 59. b6 Kb8
60. Kc6 f2 61. b7 Ka7 62. Kc7 f1=Q 63. b8=Q+ {(Ene noteringsskjema går til 63
trekk, det andre til 64.)} 
1-0

[Event "NNM i Tromso 2017"]
[Site "Veitasenteret"]
[Date "2017.06.05"]
[Round "6"]
[White "Vik-Hansen, Rune"]
[Black "Halvorsen, Benjamin"]
[Result "1-0"]
[WhiteElo "1882"]
[BlackElo "1694"]
[PlyCount "33"]
[EventDate "2017.??.??"]
[Source "ChessBase"]
[SourceDate "2009.11.30"]

1. e4 d5 2. exd5 Qxd5 3. Nf3 Nf6 4. d4 Bg4 5. Be2 e6 6. O-O Nc6 7. Be3 O-O-O 8.
Nbd2 Ne4 9. Bc4 Qf5 10. Bd3 Nxd4 11. Bxe4 Qh5 12. h3 Bxf3 13. Nxf3 Nb3 14.
Bxb7+ Kxb7 15. Qxd8 Nxa1 16. Rxa1 Qg6 17. Qd4 
1-0

[Event "NNM i Tromso 2017"]
[Site "Veitasenteret"]
[Date "2017.06.05"]
[Round "6"]
[White "Merzliakov, Vladimir"]
[Black "Pettersen, Johan"]
[Result "0-1"]
[WhiteElo "1489"]
[BlackElo "1934"]
[PlyCount "56"]
[EventDate "2017.??.??"]
[Source "ChessBase"]
[SourceDate "2009.11.30"]

1. d4 g6 2. c4 Bg7 3. Nc3 c5 4. d5 Bxc3+ 5. bxc3 f5 6. Nf3 Nf6 7. Bf4 d6 8. e3
Qa5 9. Qc2 Nbd7 10. Bd3 Nb6 11. O-O Qa4 12. Rac1 Bd7 13. Nd2 O-O-O 14. Bg5 Qxc2
15. Bxc2 Rde8 16. Bxf6 exf6 17. Rfe1 Re7 18. f3 Rhe8 19. Kf2 g5 20. e4 f4 21.
h3 h5 22. Bd3 $11 Rg7 23. Rg1 Kc7 24. Ke2 Bc8 25. Kf2 Nd7 26. Rce1 Ne5 27. Bc2
Reg8 28. Bd1 Nd3+ 
0-1

[Event "NNM i Tromso 2017"]
[Site "Veitasenteret"]
[Date "2017.06.05"]
[Round "6"]
[White "Valvåg, Torbjørn"]
[Black "Schjelderup, Nils-Jakob"]
[Result "0-1"]
[WhiteElo "1524"]
[BlackElo "1831"]
[Annotator "RV-H"]
[PlyCount "120"]
[EventDate "2017.??.??"]
[Source "ChessBase"]
[SourceDate "2009.11.30"]

1. e4 d6 2. d4 Nf6 3. Nc3 c6 4. f4 Qa5 5. Bd2 Qb6 6. Nf3 Qxb2 7. Rb1 Qa3 8. Bc4
Qa5 9. e5 Ng8 10. exd6 exd6 11. Qe2+ Be7 12. Ng5 Nh6 13. Qh5 O-O 14. O-O Qc7
15. Bd3 f5 16. Bc4+ d5 17. Bb3 Qd6 18. Rfe1 Bd7 19. a3 Na6 20. Re2 Bf6 21. Nf3
Be8 22. Qh3 Bf7 23. Rbe1 Qxa3 24. Ne5 Qd6 25. Na2 Bxe5 26. fxe5 Qe6 27. Bxh6
gxh6 28. Nc1 f4 29. Qxe6 Bxe6 30. Nd3 f3 31. gxf3 Rxf3 32. Rf2 Raf8 33. Ref1
Rxf2 34. Rxf2 Rxf2 35. Kxf2 Nc7 36. Kf3 Kf7 37. Kf4 a5 38. Nc5 b6 39. Na4 b5
40. Nc5 Ke7 41. h4 Bh3 42. Nd3 Bf1 43. Ke3 Ne6 44. c3 Ng7 45. Bc2 Bh3 46. Kf4
Ne6+ 47. Ke3 Bf5 48. Bd1 a4 49. Nb4 Kd7 50. Kd2 Nf4 51. h5 Ne6 52. Ke3 Ng7 53.
Kf4 a3 54. Bc2 Bxc2 55. Nxc2 a2 56. Kg4 Ke6 57. Kh4 Kf5 58. Kh3 Nxh5 59. Kh4
Nf4 60. Kg3 Ne2+ {(Takk til Ole Kristian Valvåg for assistanse i rekonstruksjonen
av partiet.)} 
0-1